New York State True or False - Statistics

General Stats
  • This quiz has been taken 34 times
  • The average score is 9 of 10
Answer Stats
Hint Answer % Correct
New York’s nickname is the “Empire State” True
100%
Buffalo is the capital of New York False
97%
New York is the most populated state in the U.S. False
93%
New York City is the largest city in Nee York True
93%
New York was originally called New Amsterdam True
93%
New York borders the Pacific Ocean False
90%
New York has the longest border with Canada than any other state False
90%
New York borders five states True
83%
New York borders Ohio False
79%
All NFL football teams in New York have won a Super Bowl False
76%
No matching quizzes found
Score Distribution
Percent of People with Each Score
Percentile by Number Answered
Your Score History
You have not taken this quiz